[Event "San Francisco TNM Winter op"]
[Site "San Francisco"]
[Date "2016.01.19"]
[Round "3"]
[White "Standen, Julian"]
[Black "Tan, Jacky T"]
[Result "1/2-1/2"]
[WhiteElo "1653"]
[BlackElo "1327"]
[PlyCount "79"]
[EventDate "2016.01.05"]
[EventType "swiss"]
[EventRounds "8"]
[EventCountry "USA"]
[SourceTitle "EXT 2018"]
[Source "ChessBase"]
[SourceDate "2017.10.13"]
[SourceVersion "1"]
[SourceVersionDate "2017.10.13"]
[SourceQuality "1"]

1. d4 Nf6 2. Nf3 e6 3. Nbd2 d5 4. e3 c5 5. c3 Nbd7 6. Bd3 Bd6 7. 0-0 0-0 8. Re1 h6 9. e4 dxe4 10. Nxe4 Nxe4 11. Bxe4 cxd4 12. Nxd4 Nf6 13. Bf3 a6 14. g3 Re8 15. Be3 e5 16. Ne2 e4 17. Bg2 Ng4 18. Qd4 Nxe3 19. Qxe3 Bf5 20. Rad1 Qc7 21. Nd4 Bc5 22. Qe2 Bg6 23. Qg4 Qb6 24. b4 Bxd4 25. Rxd4 Rac8 26. Bxe4 Rxc3 27. Red1 Rc1 28. Bxg6 Rxd1+ 29. Qxd1 fxg6 30. a3 Qe6 31. Rd8 Kf8 32. Rxe8+ Kxe8 33. Qd3 Ke7 34. Qc3 Kf7 35. Qc7+ Qe7 36. Qf4+ Ke6 37. Qe4+ Kf7 38. Qf4+ Kg8 39. Qc4+ Qf7 40. Qd3 1/2-1/2

[Event "San Francisco TNM Summer op"]
[Site "San Francisco"]
[Date "2015.07.14"]
[Round "8"]
[White "Poling, Scott"]
[Black "Standen, Julian"]
[Result "1-0"]
[WhiteElo "1915"]
[BlackElo "1634"]
[PlyCount "71"]
[EventDate "2015.05.26"]
[EventType "swiss"]
[EventRounds "8"]
[EventCountry "USA"]
[SourceTitle "EXT 2016"]
[Source "ChessBase"]
[SourceDate "2015.10.08"]
[SourceVersion "1"]
[SourceVersionDate "2015.10.08"]
[SourceQuality "1"]

1. e4 d5 2. exd5 Qxd5 3. Nc3 Qa5 4. Bc4 Nf6 5. d3 Bg4 6. f3 Bd7 7. Bd2 c5 8. Qe2 e6 9. Nb5 Qb6 10. a4 a6 11. a5 Qd8 12. Nc3 Be7 13. Nh3 Nc6 14. Ne4 Nxe4 15. fxe4 0-0 16. 0-0 Nd4 17. Qd1 e5 18. c3 Ne6 19. Qh5 Bf6 20. Rf3 g6 21. Qh6 Bg7 22. Qe3 Qe7 23. Raf1 Rad8 24. Qf2 Be8 25. Qg3 Kh8 26. Bd5 Rd6 27. Be3 Qc7 28. Ng5 Nxg5 29. Bxg5 f6 30. Qh4 Qe7 31. Rh3 h5 32. Be3 Rd8 33. Qf2 Bf7 34. Bxc5 Qd7 35. Bxf8 Rxf8 36. c4 1-0

[Event "San Francisco TNM Summer op"]
[Site "San Francisco"]
[Date "2015.06.30"]
[Round "6"]
[White "Standen, Julian"]
[Black "Royzen, Igor"]
[Result "1/2-1/2"]
[WhiteElo "1634"]
[BlackElo "1878"]
[PlyCount "104"]
[EventDate "2015.05.26"]
[EventType "swiss"]
[EventRounds "8"]
[EventCountry "USA"]
[SourceTitle "EXT 2016"]
[Source "ChessBase"]
[SourceDate "2015.10.08"]
[SourceVersion "1"]
[SourceVersionDate "2015.10.08"]
[SourceQuality "1"]

1. d4 d5 2. Nf3 Nf6 3. e3 Bf5 4. Bd3 Bg6 5. c4 c6 6. Nc3 e6 7. b3 Nbd7 8. Bb2 Bd6 9. Rc1 Ne4 10. Qe2 f5 11. Nd2 0-0 12. f4 Qh4+ 13. g3 Qh3 14. Qf1 Qh6 15. Ndxe4 fxe4 16. Be2 Nf6 17. h3 Rae8 18. Qg2 Bh5 19. 0-0 Bxe2 20. Nxe2 Nd7 21. g4 Kh8 22. Rce1 g6 23. Ng3 Qh4 24. Re2 Rf7 25. Ref2 Ref8 26. Bc3 h5 27. g5 Be7 28. Be1 Bxg5 29. fxg5 Rxf2 30. Rxf2 Rxf2 31. Bxf2 Qxg5 32. Ne2 Qf5 33. Nf4 Kh7 34. Bh4 Kh6 35. Be7 Nf6 36. Bxf6 Qxf6 37. Qg3 Qf5 38. Kg2 g5 39. Ne2 h4 40. Qf2 Kg6 41. cxd5 exd5 42. Qxf5+ Kxf5 43. Nc3 b6 44. Nd1 c5 45. dxc5 bxc5 46. Nf2 d4 47. Ng4 d3 48. Kf2 Ke6 49. Ke1 Kf5 50. Kd2 Ke6 51. Kc3 Kf5 52. a3 Ke6 1/2-1/2

[Event "San Francisco TNM Spring op"]
[Site "San Francisco"]
[Date "2015.04.21"]
[Round "6"]
[White "Standen, Julian"]
[Black "Ross, David L"]
[Result "1-0"]
[WhiteElo "1626"]
[BlackElo "1519"]
[PlyCount "48"]
[EventDate "2015.03.17"]
[EventType "swiss"]
[EventRounds "8"]
[EventCountry "USA"]
[SourceTitle "EXT 2016"]
[Source "ChessBase"]
[SourceDate "2015.10.08"]
[SourceVersion "1"]
[SourceVersionDate "2015.10.08"]
[SourceQuality "1"]

1. d4 Nf6 2. Nf3 c5 3. e3 e6 4. Bd3 cxd4 5. exd4 d5 6. Nbd2 Bd6 7. 0-0 0-0 8. c3 Nc6 9. Qe2 Qc7 10. Re1 Re8 11. Ne5 Bxe5 12. dxe5 Nd7 13. Nf3 h6 14. Bf4 Ne7 15. Rad1 Nf8 16. Bg3 Nf5 17. Nh4 Nxh4 18. Bxh4 Ng6 19. Bg3 Bd7 20. h4 a6 21. h5 Nf8 22. Qg4 Bb5 23. Bb1 Nh7 24. Bf4 Qe7 1-0

[Event "San Francisco TNM Fall op"]
[Site "San Francisco"]
[Date "2014.12.09"]
[Round "7"]
[White "Hood, Bryan"]
[Black "Standen, Julian"]
[Result "1-0"]
[WhiteElo "1352"]
[BlackElo "1652"]
[PlyCount "91"]
[EventDate "2014.10.21"]
[EventType "swiss"]
[EventRounds "8"]
[EventCountry "USA"]
[SourceTitle "EXT 2016"]
[Source "ChessBase"]
[SourceDate "2015.10.08"]
[SourceVersion "1"]
[SourceVersionDate "2015.10.08"]
[SourceQuality "1"]

1. d4 d5 2. c4 c6 3. Nc3 Nf6 4. Nf3 dxc4 5. e3 Bf5 6. Bxc4 e6 7. h3 h6 8. 0-0 Be7 9. Re1 0-0 10. e4 Bh7 11. Bf4 Nbd7 12. Qe2 Re8 13. Rad1 Bb4 14. Qc2 Rc8 15. a3 Bf8 16. Bd3 a6 17. Na4 b5 18. Nc5 Qb6 19. b4 Nxc5 20. dxc5 Qb7 21. Qc3 Rcd8 22. Ne5 Nd7 23. Nf3 Nf6 24. Bxh6 Nxe4 25. Bxe4 Bxe4 26. Bd2 Bxf3 27. Qxf3 Rd5 28. Bf4 Red8 29. Bd6 Bxd6 30. Rxd5 cxd5 31. cxd6 Rxd6 32. Rc1 Rc6 33. Rd1 Qc7 34. Qe3 Rc3 35. Qd4 Qc4 36. Qb6 Rxa3 37. Rd4 Ra1+ 38. Kh2 Qc8 39. Rg4 Rc1 40. Qd4 g6 41. Qf6 Qc7+ 42. g3 Qc3 43. Qd8+ Kg7 44. Rh4 f5 45. Qh8+ Kf7 46. Rh7+ 1-0

[Event "San Francisco TNM Fall op"]
[Site "San Francisco"]
[Date "2014.11.18"]
[Round "4"]
[White "Standen, Julian"]
[Black "Andries, Craig"]
[Result "0-1"]
[WhiteElo "1652"]
[BlackElo "1947"]
[PlyCount "82"]
[EventDate "2014.10.21"]
[EventType "swiss"]
[EventRounds "8"]
[EventCountry "USA"]
[SourceTitle "EXT 2016"]
[Source "ChessBase"]
[SourceDate "2015.10.08"]
[SourceVersion "1"]
[SourceVersionDate "2015.10.08"]
[SourceQuality "1"]

1. d4 Nf6 2. Nf3 e6 3. e3 d5 4. Bd3 c5 5. c3 Be7 6. Nbd2 Nbd7 7. 0-0 b6 8. Re1 Bb7 9. e4 dxe4 10. Nxe4 Nxe4 11. Bxe4 Bxe4 12. Rxe4 Nf6 13. Re1 0-0 14. Bf4 cxd4 15. Nxd4 Rc8 16. Qe2 Nd5 17. Be5 Bf6 18. Bxf6 Qxf6 19. Qe5 Rfd8 20. Qxf6 gxf6 21. g3 a6 22. a4 Rc4 23. f4 Rdc8 24. Kf2 Nb4 25. Re2 Nd3+ 26. Ke3 Nc5 27. a5 b5 28. Nc2 e5 29. fxe5 fxe5 30. Nb4 Rd8 31. Ra3 Rd6 32. Rc2 Re4+ 33. Kf3 Re1 34. Re2 Rf1+ 35. Kg2 Rb1 36. Rxe5 Rxb2+ 37. Kf3 Ne6 38. Ra2 Rb3 39. Rc2 Nd4+ 40. Ke4 Nxc2 41. Nxc2 Rxc3 0-1

[Event "San Francisco TNM Fall op"]
[Site "San Francisco"]
[Date "2013.12.10"]
[Round "8"]
[White "Standen, Julian"]
[Black "Shnaiderman, Lazar"]
[Result "0-1"]
[WhiteElo "1667"]
[BlackElo "1802"]
[PlyCount "68"]
[EventDate "2013.10.22"]
[EventType "swiss"]
[EventRounds "9"]
[EventCountry "USA"]
[SourceTitle "EXT 2016"]
[Source "ChessBase"]
[SourceDate "2015.10.08"]
[SourceVersion "1"]
[SourceVersionDate "2015.10.08"]
[SourceQuality "1"]

1. d4 Nf6 2. Nf3 e6 3. e3 c5 4. Bd3 b6 5. Nbd2 Nc6 6. 0-0 Be7 7. c3 cxd4 8. exd4 Qc7 9. Re1 Nd5 10. Ne5 Bb7 11. Ndf3 f6 12. Nc4 0-0-0 13. Ne3 Nf4 14. Bf1 g5 15. g3 Ng6 16. d5 Nce5 17. Nxe5 Nxe5 18. Bg2 Ba6 19. Qa4 Bd3 20. c4 g4 21. Qb3 Bg6 22. Qd1 h5 23. f4 gxf3 24. Bxf3 Nxf3+ 25. Qxf3 Qb7 26. Bd2 Rdf8 27. b4 h4 28. c5 hxg3 29. hxg3 Bd8 30. c6 dxc6 31. dxc6 Qh7 32. Ng4 Bh5 33. Qe4 Qxe4 34. Rxe4 f5 0-1

[Event "San Francisco TNM Spring op"]
[Site "San Francisco"]
[Date "2013.04.02"]
[Round "3"]
[White "Uzzaman, Ashik"]
[Black "Standen, Julian"]
[Result "0-1"]
[WhiteElo "1987"]
[BlackElo "1723"]
[PlyCount "72"]
[EventDate "2013.03.19"]
[EventType "swiss"]
[EventRounds "8"]
[EventCountry "USA"]
[SourceTitle "EXT 2016"]
[Source "ChessBase"]
[SourceDate "2015.10.08"]
[SourceVersion "1"]
[SourceVersionDate "2015.10.08"]
[SourceQuality "1"]

1. e4 c6 2. d4 d5 3. exd5 cxd5 4. Bd3 Nc6 5. c3 Nf6 6. Ne2 a6 7. 0-0 Bg4 8. f3 Bh5 9. Bf4 e6 10. Re1 Bd6 11. Nd2 0-0 12. Nf1 Qc7 13. Qd2 Rad8 14. Bg5 Be7 15. Nf4 Bg6 16. Nxg6 hxg6 17. Re2 Rfe8 18. Rae1 Nh5 19. Bxe7 Rxe7 20. g3 e5 21. Qg5 Rde8 22. Kg2 Nf6 23. dxe5 Nxe5 24. Bb1 Nc4 25. Ne3 Qb6 26. Kf2 Nxe3 27. Rxe3 Rxe3 28. Rxe3 Qxb2+ 29. Kf1 Qxb1+ 30. Kg2 Qxa2+ 31. Kh3 Rxe3 32. Qxe3 Qc4 33. Qe5 b5 34. Qb8+ Kh7 35. Qb7 Qxc3 36. Qxf7 Qxf3 0-1

[Event "San Francisco TNM Fall op"]
[Site "San Francisco"]
[Date "2012.11.06"]
[Round "4"]
[White "Standen, Julian"]
[Black "Harris, Clarence"]
[Result "1-0"]
[WhiteElo "1725"]
[BlackElo "1323"]
[PlyCount "65"]
[EventDate "2012.10.16"]
[EventType "swiss"]
[EventRounds "9"]
[EventCountry "USA"]
[SourceTitle "EXT 2014"]
[Source "ChessBase"]
[SourceDate "2013.11.20"]
[SourceVersion "1"]
[SourceVersionDate "2013.11.20"]
[SourceQuality "1"]

1. d4 Nf6 2. Nf3 g6 3. Bg5 Ne4 4. Bf4 Bg7 5. e3 d6 6. Nbd2 Bf5 7. Bc4 c6 8. 0-0 Nd7 9. Nxe4 Bxe4 10. Qe2 Nf6 11. Rad1 d5 12. Bb3 0-0 13. h3 h6 14. c4 Rc8 15. Ne5 g5 16. Bg3 h5 17. f3 Bh7 18. Bf2 e6 19. Bc2 Bxc2 20. Qxc2 b5 21. b3 a5 22. g4 h4 23. Rfe1 Re8 24. Qd2 Bf8 25. c5 Nd7 26. Nxd7 Qxd7 27. Qxa5 Ra8 28. Qd2 Ra3 29. e4 Bh6 30. Bxh4 Qc7 31. e5 Qa5 32. Bxg5 Qxd2 33. Bxd2 1-0

[Event "San Francisco TNM Fall op"]
[Site "San Francisco"]
[Date "2012.10.30"]
[Round "3"]
[White "Standen, Julian"]
[Black "Andries, Craig"]
[Result "0-1"]
[WhiteElo "1725"]
[BlackElo "1953"]
[PlyCount "74"]
[EventDate "2012.10.16"]
[EventType "swiss"]
[EventRounds "9"]
[EventCountry "USA"]
[SourceTitle "EXT 2014"]
[Source "ChessBase"]
[SourceDate "2013.11.20"]
[SourceVersion "1"]
[SourceVersionDate "2013.11.20"]
[SourceQuality "1"]

1. d4 f5 2. Bf4 Nf6 3. e3 e6 4. Nf3 Be7 5. h3 d5 6. Be2 0-0 7. 0-0 c6 8. c3 Qb6 9. Qb3 Nbd7 10. Nbd2 Qxb3 11. Nxb3 Ne4 12. Ne5 Nxe5 13. Bxe5 Bd6 14. Bxd6 Nxd6 15. f4 Ne4 16. Kh2 b6 17. Rad1 a5 18. Bf3 Ba6 19. Rg1 a4 20. Bxe4 axb3 21. Bb1 Be2 22. Rd2 bxa2 23. Bxa2 Rxa2 24. Rxe2 Rfa8 25. Rd1 b5 26. Rdd2 Kf7 27. Rc2 Ke7 28. b4 Rxc2 29. Rxc2 Ra1 30. Kg3 Kf6 31. Kf2 h6 32. g3 g5 33. Kg2 h5 34. Kf2 h4 35. gxh4 g4 36. h5 Rh1 37. hxg4 Rh2+ 0-1

[Event "San Francisco TNM Fall op"]
[Site "San Francisco"]
[Date "2012.10.23"]
[Round "2"]
[White "Hilliard, Michael"]
[Black "Standen, Julian"]
[Result "1/2-1/2"]
[WhiteElo "1460"]
[BlackElo "1725"]
[PlyCount "120"]
[EventDate "2012.10.16"]
[EventType "swiss"]
[EventRounds "9"]
[EventCountry "USA"]
[SourceTitle "EXT 2014"]
[Source "ChessBase"]
[SourceDate "2013.11.20"]
[SourceVersion "1"]
[SourceVersionDate "2013.11.20"]
[SourceQuality "1"]

1. d4 d5 2. Nf3 Nf6 3. e3 Bf5 4. c4 c6 5. Nc3 e6 6. Qb3 Qb6 7. Qa4 Be7 8. cxd5 exd5 9. a3 0-0 10. b4 Nbd7 11. Qd1 Rfe8 12. Bd3 Bxd3 13. Qxd3 Bf8 14. 0-0 g6 15. Rb1 Qd8 16. Bd2 Ne4 17. Rfc1 Nxc3 18. Rxc3 Bd6 19. Re1 a6 20. e4 dxe4 21. Rxe4 Rxe4 22. Qxe4 Nf6 23. Qe2 Nd5 24. Rc1 Qe8 25. Re1 Nf6 26. Bg5 Qxe2 27. Rxe2 Re8 28. Rxe8+ Nxe8 29. Kf1 f6 30. Be3 Nc7 31. Ke2 Kf7 32. Kd3 Ke6 33. g3 Nd5 34. Bd2 Kf5 35. h3 Ke6 36. Ke4 Nc7 37. Kd3 Nb5 38. Bc1 Kd5 39. Bb2 Bc7 40. Nd2 Nd6 41. Nf1 Nc4 42. Bc1 Bb6 43. Ne3+ Nxe3 44. Bxe3 a5 45. f4 axb4 46. axb4 Bc7 47. Bf2 Bd6 48. Be1 Be7 49. Bd2 f5 50. Be1 g5 51. fxg5 Bxg5 52. g4 fxg4 53. hxg4 Bc1 54. Bh4 Bb2 55. Bf2 Ba3 56. Be1 b6 57. Bc3 Bc1 58. Be1 Bb2 59. Bf2 b5 60. Be3 Ba3 1/2-1/2

[Event "San Francisco TNM Marathon op"]
[Site "San Francisco"]
[Date "2012.09.11"]
[Round "7"]
[White "Bayaraa, Chinguun"]
[Black "Standen, Julian"]
[Result "1-0"]
[WhiteElo "1270"]
[BlackElo "1714"]
[PlyCount "73"]
[EventDate "2012.07.31"]
[EventType "swiss"]
[EventRounds "9"]
[EventCountry "USA"]
[SourceTitle "EXT 2014"]
[Source "ChessBase"]
[SourceDate "2013.11.20"]
[SourceVersion "1"]
[SourceVersionDate "2013.11.20"]
[SourceQuality "1"]

1. d4 d5 2. c4 c6 3. Nc3 Nf6 4. Bg5 e6 5. e3 Be7 6. Nf3 Nbd7 7. Rc1 0-0 8. Bd3 b6 9. cxd5 cxd5 10. 0-0 Bb7 11. Qe2 Rc8 12. Rfd1 h6 13. Bh4 Ne8 14. Bxe7 Qxe7 15. Bb1 Nef6 16. h3 Qd6 17. Nb5 Qb8 18. Bd3 Rfd8 19. a3 a6 20. Nc3 b5 21. Na2 Rxc1 22. Rxc1 Rc8 23. Qd2 Nb6 24. b3 Nfd7 25. Bb1 Qd6 26. Rxc8+ Bxc8 27. Qc1 g6 28. Nb4 e5 29. dxe5 Nxe5 30. Nxe5 Qxe5 31. Nd3 Qd6 32. Ne1 a5 33. Bd3 b4 34. a4 Be6 35. Qb2 Kh7 36. Nf3 Nd7 37. Nd4 1-0